000
00266nam a22001217a 4500
008
170328b xxu||||| |||| 00| 0 eng d
041
_a
eng
080
_a
615.83
100
_a
8
101
_a
SHM
245
_a
MEASUREMENT FOR EVALUTION
_c
JACKSON.A.S
942
_2
udc
_c
BK
999
_c
8771
_d
8771